000 00433nam a2200181Ia 4500
001 23500
005 20260414150941.0
008 260414t1995||||xx |||||||||||||| ||spa||
041 _aESP
082 _a651.7
_bE88
100 _aEspinoza Herrera, Nemesio
_eAUT
245 0 _aAdministración documentaria
_b
260 _c1995
300 _a174 páginas :
_c20 cm.
650 _aCIS
654 _aCAN
942 _cLIB
_dJUS
_fJUS
_2ddc
_n
999 _c23500
_d23500